000 01148nam a22003377a 4500
003 CHAP
005 20220329135319.0
008 971013s1982 r 00010 d
010 _a34243
011 _a35215
035 _a39331
040 _cCHAP
090 _aTesis
100 0 0 _aLuna Alvarado, María de Jesús.
_969014
245 _aModelos estadísticos para pronósticos de corto plazo
260 _aMonterrey, N.L. :
_bEl autor,
_c1982
300 _a(c.a. 40 h.)
_b: Gráfs.
502 _aTesis (Lic. en Economía) -- Univ. Autónoma de Nuevo León. Fac. de Economía
590 _aALEPH
_b10
_c20130110
_lUCH01
_h1259
590 _aBATCH-UPD
_b10
_c20130110
_lUCH01
_h0055
590 _aBATCH-UPD
_b10
_c20130110
_lUCH01
_h1306
590 _aBATCH-UPD
_b10
_c20130409
_lUCH01
_h2043
590 _aBATCH-UPD
_b10
_c20130410
_lUCH01
_h0822
590 _aBATCH-UPD
_b10
_c20130914
_lUCH01
_h1231
590 _aCONVERSION
_b10
_c20130109
_lUCH01
_h1319
650 1 4 _aEconomía
_xMétodos estadísticos.
_935252
650 1 4 _aEstadística
_xMetodología.
_938253
901 _aBK
942 _cTESIS
949 _bBC
_cTES
_d-89696
_eTS1
_h18523
_i39331
_si
999 _c34243
_d34243